Tuyển chọn những bài văn hay lớp 10
Zapisane w:
| 1. autor: | |
|---|---|
| Format: | Książka |
| Język: | Undetermined |
| Wydane: |
Hà Nội
Giáo dục Việt Nam
2012
|
| Hasła przedmiotowe: | |
| Etykiety: |
Dodaj etykietę
Nie ma etykietki, Dołącz pierwszą etykiete!
|
| Thư viện lưu trữ: | Trung tâm Học liệu Trường Đại học Cần Thơ |
|---|
| LEADER | 00654nam a2200205Ia 4500 | ||
|---|---|---|---|
| 001 | CTU_185104 | ||
| 008 | 210402s9999 xx 000 0 und d | ||
| 020 | |c 25000 | ||
| 082 | |a 807.12 | ||
| 082 | |b Gi106 | ||
| 100 | |a Trương, Thị Giang | ||
| 245 | 0 | |a Tuyển chọn những bài văn hay lớp 10 | |
| 245 | 0 | |c Trương Thị Giang, Vũ Dương Quỹ | |
| 260 | |a Hà Nội | ||
| 260 | |b Giáo dục Việt Nam | ||
| 260 | |c 2012 | ||
| 650 | |a Literature,Văn học | ||
| 650 | |x Study and teaching (secondary),Dạy và học (Trung học) | ||
| 904 | |i Hải | ||
| 980 | |a Trung tâm Học liệu Trường Đại học Cần Thơ | ||